000 00754nam a22002770a 4500
001 PT14385
003 AR-LpoUNG
005 20210131232624.0
008 191001s1999||||sp |||||||||||||||||spa d
020 _a8471539624
_c$27.33
040 _aAR-LpoUNG
_bspa
_cAR-LpoUNG
_eaacr
044 _asp
082 0 _aR483 73dic
100 1 _aUrbina, José M. Pabón S. de
245 1 0 _aDiccionario manual :
_bgriego - español
250 _a1ra. ed.
260 _aBarcelona :
_bVox,
_c1999.
300 _axvi, 711 p. :
_bil.
505 0 _aContiene un apéndice gramatical
650 4 _aDICCIONARIOS
650 4 _aMATERIAL DE REFERENCIA
653 _aDICCIONARIOS BILINGÜES
653 _aDICCIONARIOS DE GRIEGO
905 _a14385
942 _cLSALA
999 _c16593
_d16593